000 00531nam a2200193Ia 4500
005 20250508152557.0
008 008 250505s9999 xx 000 0 eng d
037 _aTextual
040 _aFEDL
_beng
_cFEDL
041 _aeng
_2eng
084 _a301.34, RAJ
_qFEDL
100 _aDayal Rajeshwar
245 0 _aCommunity development programme in India
260 _aAllahabad, India
_bKitab Mahal
_c1960
300 _aiv,236p.
650 _aSociology
942 _cTEXL
_h301.34, RAJ
999 _c1337364
_d1337364